|
|
|
|
| LEADER |
00000nam0a2200000 4500 |
| 001 |
364616 |
| 005 |
20231102011715.0 |
| 035 |
|
|
|a (RuTPU)RU\TPU\retro\21974
|
| 090 |
|
|
|a 364616
|
| 100 |
|
|
|a 20211123d1981 k y0rusy50 ca
|
| 101 |
0 |
|
|a rus
|
| 102 |
|
|
|a RU
|
| 105 |
|
|
|a a z 001zy
|
| 200 |
1 |
|
|a Вариации космических лучей ти солнечный ветер
|e сборник научных трудов
|f Академия наук СССР, Сибирское отделение, Институт космофизических исследований и аэрономии ; под ред. Н. П. Чиркова
|
| 210 |
|
|
|a Якутск
|c Изд-во Якутсого филиала СО АН СССР
|d 1980
|
| 215 |
|
|
|a 110 с.
|c ил.
|
| 320 |
|
|
|a Библиогр. в конце ст.
|
| 606 |
1 |
|
|a Космические лучи
|x Вариации
|2 stltpush
|3 (RuTPU)RU\TPU\subj\15852
|9 42058
|
| 606 |
1 |
|
|a Солнечный ветер
|2 stltpush
|3 (RuTPU)RU\TPU\subj\55514
|9 73535
|
| 610 |
1 |
|
|a Солнце
|
| 610 |
1 |
|
|a исследования
|
| 610 |
1 |
|
|a моделирование
|
| 610 |
1 |
|
|a солнечный цикл
|
| 610 |
1 |
|
|a магнитосфера
|
| 610 |
1 |
|
|a Земля
|
| 610 |
1 |
|
|a взаимодействие
|
| 610 |
1 |
|
|a мюонные установки
|
| 675 |
|
|
|a 524.1
|v 4
|
| 675 |
|
|
|a 523.6
|v 4
|
| 702 |
|
1 |
|a Чирков
|b Н. П.
|4 340
|
| 712 |
0 |
2 |
|a Академия наук СССР
|b Сибирское отделение
|b Институт космофизических исследований и аэрономии
|c (Новосибирск)
|2 stltpush
|3 (RuTPU)RU\TPU\col\13622
|9 25728
|
| 801 |
|
1 |
|a RU
|b 63413507
|c 20211123
|
| 942 |
|
|
|c BK
|